The Uttaradhyayansutra (Record no. 1401176)

MARC details
000 -LEADER
fixed length control field 00708nam a2200301Ia 4500
008 - FIXED-LENGTH DATA ELEMENTS--GENERAL INFORMATION
fixed length control field 161027s9999||||xx |||||||||||||| ||und||
040 ## - CATALOGING SOURCE
Transcribing agency Prakrit
082 ## - DEWEY DECIMAL CLASSIFICATION NUMBER
Classification number X.B
082 ## - DEWEY DECIMAL CLASSIFICATION NUMBER
Item number BORI-27562
100 ## - MAIN ENTRY--PERSONAL NAME
Personal name Jarl Charpemtier
245 #4 - TITLE STATEMENT
Title The Uttaradhyayansutra
260 ## - PUBLICATION, DISTRIBUTION, ETC. (IMPRINT)
Place of publication, distribution, etc Uppsala
260 ## - PUBLICATION, DISTRIBUTION, ETC. (IMPRINT)
Name of publisher, distributor, etc Applebergs BoktrickeryAktiebolag
260 ## - PUBLICATION, DISTRIBUTION, ETC. (IMPRINT)
Date of publication, distribution, etc 1922
300 ## - PHYSICAL DESCRIPTION
Extent 409
300 ## - PHYSICAL DESCRIPTION
Other physical details 18
300 ## - PHYSICAL DESCRIPTION
Dimensions B
300 ## - PHYSICAL DESCRIPTION
Accompanying material Hardbound
530 ## - ADDITIONAL PHYSICAL FORM AVAILABLE NOTE
Uniform Resource Identifier <a href="000046594.Pdf.">000046594.Pdf.</a>
563 ## - BINDING INFORMATION
Binding note Text
600 ## - SUBJECT ADDED ENTRY--PERSONAL NAME
Personal name Jarl Charpemtier
630 ## - SUBJECT ADDED ENTRY--UNIFORM TITLE
Uniform title The Uttaradhyayansutra
650 ## - SUBJECT ADDED ENTRY--TOPICAL TERM
Topical term or geographic name as entry element Buddhism & Jainism
650 ## - SUBJECT ADDED ENTRY--TOPICAL TERM
Topical term or geographic name as entry element Jainism
700 ## - ADDED ENTRY--PERSONAL NAME
Personal name Jarl Charpemtier
730 ## - ADDED ENTRY--UNIFORM TITLE
Uniform title The Uttaradhyayansutra
942 ## - ADDED ENTRY ELEMENTS (KOHA)
Koha item type Book
Holdings
Withdrawn status Lost status Damaged status Not for loan Home library Current library Date acquired Total Checkouts Full call number Barcode Date last seen Price effective from Koha item type
        Bhandarkar Oriental Research Institute, Pune Bhandarkar Oriental Research Institute, Pune 10/27/2016   BORI-27562 BORI-27562 10/27/2016 10/27/2016 Book